MARC details
| 000 -LEADER |
| fixed length control field |
01121 a2200337 4500 |
| 001 - CONTROL NUMBER |
| control field |
200130667 |
| 003 - CONTROL NUMBER IDENTIFIER |
| control field |
TR-AnTOB |
| 005 - DATE AND TIME OF LATEST TRANSACTION |
| control field |
20200608105701.0 |
| 008 - FIXED-LENGTH DATA ELEMENTS--GENERAL INFORMATION |
| fixed length control field |
131011s2011 enk 000 0 |
| 020 ## - INTERNATIONAL STANDARD BOOK NUMBER |
| International Standard Book Number |
9780470516874 |
| 040 ## - CATALOGING SOURCE |
| Original cataloging agency |
TR-AnTOB |
| 041 ## - LANGUAGE CODE |
| Language code of text/sound track or separate title |
İngilizce |
| 050 #0 - LIBRARY OF CONGRESS CALL NUMBER |
| Classification number |
NA2542.35 |
| Item number |
.V47 2011 |
| 090 ## - LOCALLY ASSIGNED LC-TYPE CALL NUMBER (OCLC); LOCAL CALL NUMBER (RLIN) |
| Classification number (OCLC) (R) ; Classification number, CALL (RLIN) (NR) |
NA2542.35 .V47 2011 |
| 245 10 - TITLE STATEMENT |
| Title |
Versatility and vicissitude : |
| Remainder of title |
performance in morpho-ecological design / |
| Statement of responsibility, etc. |
guest-edited by Michael Hensel and Achim Menges. |
| 264 #1 - PRODUCTION, PUBLICATION, DISTRIBUTION, MANUFACTURE, AND COPYRIGHT NOTICE |
| Place of production, publication, distribution, manufacture |
London: |
| Name of producer, publisher, distributor, manufacturer |
Wiley, |
| Date of production, publication, distribution, manufacture, or copyright notice |
2008 |
| 300 ## - PHYSICAL DESCRIPTION |
| Extent |
144 pages : |
| Other physical details |
illustration (some col.) ; |
| Dimensions |
28 cm. |
| 490 0# - SERIES STATEMENT |
| Series statement |
Architectural design, |
| Volume/sequential designation |
78 |
| International Standard Serial Number |
0003-8504 ; |
|
| Series statement |
Profile ; |
| Volume/sequential designation |
192 |
| 504 ## - BIBLIOGRAPHY, ETC. NOTE |
| Bibliography, etc. note |
|
| 650 #0 - SUBJECT ADDED ENTRY--TOPICAL TERM |
| Topical term or geographic name entry element |
Sustainable architecture |
| 9 (RLIN) |
80155 |
|
| Topical term or geographic name entry element |
Mimari tasarım |
| 9 (RLIN) |
44932 |
|
| Topical term or geographic name entry element |
Architectural design |
| 9 (RLIN) |
2582 |
|
| Topical term or geographic name entry element |
Sürdürülebilir mimari |
| Source of heading or term |
etuturkob |
| 9 (RLIN) |
80150 |
|
| Topical term or geographic name entry element |
Architecture |
| General subdivision |
Environmental aspects |
| 9 (RLIN) |
4522 |
|
| Topical term or geographic name entry element |
Mimari |
| General subdivision |
Çevresel yönleri |
| 9 (RLIN) |
116429 |
| 700 1# - ADDED ENTRY--PERSONAL NAME |
| Personal name |
Hensel, Michael |
| 9 (RLIN) |
93514 |
|
| Personal name |
Menges, Achim |
| 9 (RLIN) |
93515 |
| 942 ## - ADDED ENTRY ELEMENTS (KOHA) |
| Koha item type |
Book |